|
|
|
|
| LEADER |
01040nam a2200253 a 4500 |
| 001 |
00026370 |
| 008 |
121227s2010 ii b 000 0 eng d |
| 020 |
|
|
|a 9788125040118
|
| 040 |
|
|
|a BD-DhAAL
|c BD-DhAAL
|
| 082 |
0 |
0 |
|a 823.5
|2 22
|
| 100 |
1 |
|
|a Swift,Jonathan.
|
| 245 |
1 |
0 |
|a Gulliver's travels /
|c Jonathan Swift, abridged by V. Gopalan Nair and edited by Seetha Srinivasan
|
| 260 |
|
|
|a Hyderabad :
|b Orient BlackSwan,
|c 2010
|
| 300 |
|
|
|a xxiv, 160 p. :
|c 23 cm.
|
| 490 |
|
|
|a Orient Blackswan Abridged Texts.
|
| 504 |
|
|
|a Includes bibliographical references (p. 160)
|
| 541 |
|
|
|e 00026370
|
| 650 |
|
0 |
|a Voyages, Imaginary
|x Early works to 1800.
|
| 650 |
|
0 |
|a Travelers
|v Fiction
|
| 700 |
1 |
|
|a Nair, V. Gopalan.
|
| 700 |
1 |
|
|a Srinivasan, Seetha.
|
| 852 |
1 |
|
|a Ayesha Abed Library
|j General shelf
|
| 999 |
|
|
|c 13056
|d 13056
|
| 952 |
|
|
|0 0
|1 0
|2 ddc
|4 0
|6 823_500000000000000_SWI
|7 0
|9 21688
|a BRACUL
|b BRACUL
|c GEN
|d 2012-12-27
|e ENH
|l 5
|m 1
|o 823.5 SWI
|p 3010026370
|r 2024-12-19
|s 2024-12-05
|t 1
|w 2012-12-26
|y BK
|x Transferred from ENH to Ayesha Abed library on 20/12/2023
|